Reglamento general de la Exposición Marítima Nacional que ha de tener lugar en Cádiz desde el 15 de agosto al 31 de octubre de 1887
Descripción Física:
[8] p. ; 22 cm
MARC
| LEADER | 00000nam a2200000Ia 4500 | ||
|---|---|---|---|
| 001 | 16178 | ||
| 003 | BGR | ||
| 005 | 20260410113713.0 | ||
| 008 | 160829s1887?] xx 000 0 cat d | ||
| 080 | |a RF-14-16 | ||
| 111 | |a Exposición Marítima Nacional |9 70875 |c (Cadis : |d 1887) | ||
| 245 | |a Reglamento general de la Exposición Marítima Nacional que ha de tener lugar en Cádiz desde el 15 de agosto al 31 de octubre de 1887 | ||
| 260 | |a [S.l. : |b s.n., |c 1887?] | ||
| 300 | |a [8] p. ; |c 22 cm | ||
| 590 | |a Prové de 1403, exp. 5 | ||
| 650 | |a Exposición Marítima Nacional (1887 : Cadis) |x Reglaments i procediment |9 46961 | ||
| 856 | 4 | |u https://media.diba.cat/diba/fitxers/arxiu/fulletons/bib_16178_1887_baixa.pdf |y Accés lliure | |
| 856 | 4 | |u https://media.diba.cat/diba/fitxers/arxiu/fulletons/bib_16178_1887_baixa.pdf |y Accés lliure | |
| 900 | |a bib_16178_1887_baixa.pdf | ||
| 901 | |a Arxiu | ||
| 942 | |n 1 |2 udc |c MON | ||
| 952 | |0 0 |1 0 |4 0 |6 RF1416 |7 1 |9 53562 |a Arxiu |b Arxiu |d 2016-12-01 |l 0 |o RF-14-16 |p 16178 |r 2016-12-01 00:00:00 |w 2016-12-01 |y ARXIU | ||
| 999 | |c 57428 |d 57428 | ||